Statistiques concernant Villes françaises en Image - Choix Multiple

Cliquez ici pour prendre le quiz!

Statistiques générales

  • Ce quiz a été pris 378 fois
  • Le résultat moyen est 10 sur 15

Statistiques - réponses

QuestionRéponse% Correct
Marseille
89%
Lyon
84%
Versailles
83%
Strasbourg
83%
Bordeaux
81%
Toulouse
78%
Orange
77%
Nice
73%
Lille
68%
Clermont-Ferrand
68%
Brest
59%
Le Havre
51%
Annecy
42%
Dijon
32%
Perpignan
32%

Distribution des résultats

Percentile par nombre de réponses

% des personnes avec chaque résultat

Votre développement - résultats

Vous n’avez pas pris ce quiz